书目信息 |
| 题名: |
前进中的中国经济
|
|
| 作者: | 孙尚清 著 | |
| 分册: | ||
| 出版信息: | 石家庄 河北人民出版社 1983 |
|
| 页数: | 192页 | |
| 开本: | 19cm | |
| 丛书名: | ||
| 单 册: | ||
| 中图分类: | F124 , F12 | |
| 科图分类: | ||
| 主题词: | 经济发展--中国 , 经济--中国 | |
| 电子资源: | ||
| ISBN: | ||
| 000 | 00687nam0 2200265 45 | |
| 001 | 0183002727 | |
| 005 | 20040427084600.6 | |
| 010 | @dCNY0.58 | |
| 091 | @a4086.148 | |
| 100 | @a19950629d1983 em y0chiy0121 ea | |
| 101 | 0 | @achi |
| 102 | @aCN@b130000 | |
| 105 | @ay z 000yy | |
| 106 | @ar | |
| 200 | 10 | @a前进中的中国经济@Aqian jin zhong de zhong guo jing ji@f孙尚清著 |
| 210 | @a石家庄@c河北人民出版社@d1983 | |
| 215 | @a192页@d19cm | |
| 606 | @a经济发展@y中国 | |
| 606 | 0 | @a经济@x中国 |
| 690 | @aF124@v3 | |
| 690 | @aF12 | |
| 701 | 0 | @a孙尚清@Asun shang qing@4著 |
| 801 | 0 | @aCN@b上海图书馆@c20040427 |
| 801 | 2 | @aCN@bNLC@c20040427 |
| 905 | @f2@b100362-363@dF12@e31 | |
| 前进中的中国经济/孙尚清著.-石家庄:河北人民出版社,1983 |
| 192页;19cm |
| ISBN :CNY0.58 |
| ● |
| 相关链接 |
|
|
|
|
正题名:前进中的中国经济
索取号:F12/31
 
预约/预借
| 序号 | 登录号 | 条形码 | 馆藏地/架位号 | 状态 | 备注 |
| 1 | 0100362 | 000195915 | 密集书库/ [索取号:F12/31] | 在馆 | |
| 2 | 0100363 | 000195951 | 密集书库/ [索取号:F12/31] | 在馆 | |
| 3 | 0100364 | 000195997 | 第一样本阅览室/ [索取号:F12/31] | 在馆 |